[Event "6th Vergani Cup January 2022"]
[Site "Cattolica"]
[Date "2022.01.04"]
[Round "3.6"]
[White "Short, Nigel D"]
[Black "Bhambure, Shantanu"]
[Result "1-0"]
[WhiteElo "2633"]
[BlackElo "2377"]
[Annotator "TA"]
[PlyCount "77"]
[EventDate "2022.01.02"]
[EventType "swiss"]
[EventCountry "ITA"]
[SourceTitle "playchess.com"]
[Source "ChessBase"]
[SourceQuality "1"]

{[%evp 9,77,-16,-7,-20,-16,-41,-20,-18,-16,-22,0,0,0,0,0,0,0,0,0,0,7,5,0,0,0,0,0,0,14,16,16,6,14,12,8,12,12,12,13,19,54,59,47,0,0,0,0,0,0,-52,-56,-64,-56,-56,-64,-70,-75,-75,-71,-68,0,0,0,0,12833,12832,12839,12839,12832,2297]} 1. e4 c6 {[%cal Bc7c6,Bc6c5][%mdl 32]} 2. d4 d5 3. e5 c5 4. c3 Nc6 5. Be3 Nh6 {[%cal Bg8h6,Bh6f5,Bf5e3][%mdl 32]} 6. Nf3 {B12: Caro-Kann: Advance Variation.} Nf5 7. a3 {[#]} cxd4 $146 ({Predecessor:} 7... e6 8. Bd3 g6 9. Bxf5 gxf5 10. O-O b6 11. Ng5 Qc7 12. Qh5 h6 13. Nd2 hxg5 14. Qxh8 {½-½ (23) Sekelja,M (2120)-Hadzi Manev,L (2030) Skopje 2019}) 8. cxd4 {The position is equal.} Nxe3 9. fxe3 Bf5 (9... g6 {is interesting.} 10. Bb5 Bh6 11. Qd2 Bf5 12. Nc3 Rc8) 10. Bd3 Bxd3 11. Qxd3 {[%cal Oe5e6]} e6 12. O-O Be7 13. Nc3 O-O 14. Rad1 f5 15. exf6 Bxf6 16. e4 Qd7 17. g3 g6 18. Kg2 Rad8 19. e5 Be7 20. Rf2 Rf5 21. Rdf1 Rdf8 22. Nd1 Kg7 23. Ne3 R5f7 24. h4 h5 25. Kh3 Bd8 26. g4 (26. Ng2 $14) 26... hxg4+ $11 27. Nxg4 {[#] And now Qe3 would win. Pair of Knights!} Rf4 28. Qe3 {[%cal Og4f6]} R8f5 {Prevents Nf6.} 29. Nf6 (29. Ne1 $11 Rxf2 30. Qh6+ Kg8 31. Qxg6+ (31. Rxf2 Rxf2 32. Qxg6+ Qg7 $11) 31... Kf8 32. Rxf2 Rxf2 33. Nxf2) 29... Bxf6 $15 30. exf6+ Rxf6 {White must now prevent ...e5+.} 31. Ne5 Nxe5 $1 ({Much less strong is} 31... Rxf2 32. Nxd7 (32. Rxf2 Qe7 $11) 32... Rxf1 33. Nxf6 Rxf6 34. Kg3 $14) 32. dxe5 (32. Rxf4 $2 {loses.} Nc4 33. Qg1 e5+ 34. Rg4 Rxf1 35. Qxf1 {[#]} Qxg4+ $3 {[%mdl 512]} 36. Kxg4 Ne3+ 37. Kf3 Nxf1 $19) 32... Rxf2 33. exf6+ Rxf6 {[%mdl 4096] Endgame KQR-KQR} 34. Qe5 Qe7 ({Better is} 34... Qd8 $15) 35. Kg4 $11 {Kg5 is the strong threat.} Kf7 $1 36. Rc1 $36 {[%mdl 2048] White is pushing.} Qd8 {[%mdl 8192]} (36... Kg8 $11) 37. Rc7+ $18 {White is clearly winning.} Kg8 38. Rxb7 Rf7 39. Rb8 {Weighted Error Value: White=0.07 (flawless) /Black=0.07 (flawless)} 1-0

[Event "6th Vergani Cup January 2022"]
[Site "Cattolica"]
[Date "2022.01.04"]
[Round "3.7"]
[White "Gilevych, Artem"]
[Black "Lodici, Lorenzo"]
[Result "0-1"]
[WhiteElo "2407"]
[BlackElo "2524"]
[Annotator "TA"]
[PlyCount "110"]
[EventDate "2022.01.02"]
[EventType "swiss"]
[EventCountry "ITA"]
[SourceTitle "playchess.com"]
[Source "ChessBase"]
[SourceQuality "1"]

{[%evp 9,110,32,39,32,35,44,35,24,31,24,41,42,39,31,31,33,22,18,35,0,0,0,0,0,0,-40,-41,-36,-34,-30,-36,-34,-41,-54,-42,-50,-45,-48,-40,-45,-8,-20,-14,-14,-14,-16,-21,-22,-11,-70,0,-115,-113,-162,-182,-209,-207,-206,-207,-193,-8,-225,-226,-229,-232,-238,-234,-236,-235,-290,-412,-716,-693,-672,-692,-638,-640,-802,-765,-1085,-1049,-1023,-558,-1229,-1156,-1287,-1213,-1785,-1766,-1631,-1512,-2027,-2027,-6013,-6013,-5961,-5952,-5945,-5945,-5937,-5916,-4952,-4714]} 1. d4 Nf6 2. Nf3 b6 3. c4 Bb7 4. Nc3 Ne4 5. Nxe4 Bxe4 6. e3 {A50: Queen's Fianchetto Defence (1 d4 Nf6 2 c4 b6).} e6 7. Bd3 Bb4+ 8. Ke2 {[#] White is slightly better.} Bb7 $146 ({Predecessor:} 8... Bxd3+ 9. Qxd3 O-O 10. d5 c6 11. Rd1 Qc8 12. d6 a5 13. b3 a4 14. Bb2 a3 {1-0 (41) Khismatullin,D (2628)-Pogromsky,M (2416) Sochi 2017}) 9. Qc2 h6 10. e4 Be7 11. Be3 O-O 12. Rhd1 d6 13. b4 $1 a5 14. a3 axb4 15. axb4 Na6 16. Bd2 c5 17. bxc5 (17. b5 {with more complications.} Nb4 18. Bxb4 cxb4 19. Rxa8 Qxa8 20. Rb1) 17... dxc5 18. d5 Nb4 19. Bxb4 cxb4 20. Rxa8 Qxa8 21. Nd4 Bc5 22. Nb3 Qb8 23. Nxc5 bxc5 24. g3 $1 f5 25. Kf1 {[%cal Re4f5]} ({Don't go for} 25. dxe6 $2 fxe4 26. Bxe4 Qe5 $19) 25... fxe4 26. Bxe4 exd5 27. cxd5 Qd6 28. Kg1 Kh8 29. Rc1 ({White should try} 29. Qa4 $11) 29... Rc8 (29... Re8 $1 $15 30. f3 Bxd5 31. Qxc5 Qxc5+ 32. Rxc5 Bxe4 33. fxe4 Rxe4) 30. Qd3 (30. Qa2 $11) 30... Ba6 $17 31. Qf3 (31. Qd1 $17 {might work better.}) 31... Rf8 $19 32. Qg4 Qf6 33. Qg6 Qxg6 34. Bxg6 {[%mdl 4096] Endgame KRB-KRB} Rf6 $2 (34... c4 $19 {Threatens to win with ...b3.} 35. f3 b3) 35. Bc2 $2 {This move loses the game for White.} (35. Be4 $11 {and White stays safe.}) 35... c4 36. Re1 {[#] Threatening mate with Re8+.} Kg8 37. Re8+ Kf7 38. Rb8 b3 39. Be4 Ke7 40. f4 (40. f3 $142 Kd7 41. Kf2) 40... Kd6 {Black is clearly winning.} 41. Kf2 Kc5 42. Ke3 Bb5 43. Rc8+ Kb4 44. Kd4 Ra6 45. Rb8 b2 46. Bf5 g6 47. Bc2 Ra1 {[#] Hoping for ...Rc1.} (47... c3 $2 48. Bd3 c2 49. Bxc2 $18) 48. Bxg6 b1=Q 49. Bxb1 Rxb1 {KRB-KR} 50. f5 c3 {[%cal Bc4c3,Bc3c2][%mdl 32] ( -> ...c2)} 51. f6 c2 52. f7 Rf1 ({Inferior is} 52... c1=Q 53. f8=Q+ Ka5 54. Ra8+ Ba6 55. Rxa6+ (55. Qc5+ Qxc5+ 56. Kxc5 Rc1+ 57. Kd6 Kb6 $11) 55... Kxa6 56. Qa8+ Kb6 57. Qb8+ Ka6 58. Qa8+ Kb6 59. Qb8+ Ka6 60. Qa8+ $11) 53. Rc8 Ba4 54. Rc4+ Ka3 55. d6 Rxf7 {Weighted Error Value: White=0.71/Black=0.19 (very precise)} 0-1

[Event "6th Vergani Cup January 2022"]
[Site "Cattolica"]
[Date "2022.01.04"]
[Round "3.8"]
[White "Salimova, Nurgyul"]
[Black "Alsina Leal, Daniel"]
[Result "1/2-1/2"]
[WhiteElo "2353"]
[BlackElo "2497"]
[Annotator "TA"]
[PlyCount "90"]
[EventDate "2022.01.02"]
[EventType "swiss"]
[EventCountry "ITA"]
[SourceTitle "playchess.com"]
[Source "ChessBase"]
[SourceQuality "1"]

{[%evp 13,90,0,-1,-5,10,-22,-21,-25,-19,-17,0,0,0,-18,-14,-16,26,-20,-16,-12,3,11,0,0,0,-18,-36,-34,-50,-55,-54,-110,-104,-143,-141,-136,-148,-128,-139,-168,-148,-472,-463,-459,-425,-453,-441,-754,-682,-730,-462,-538,0,-658,0,-512,0,0,11,37,47,9,72,0,45,86,1652,1505,2161,2274,1008,517,465,454,29987,0,0,0,29987]} 1. d4 Nf6 2. c4 e6 3. Nc3 Bb4 4. e3 O-O 5. Bd2 d5 6. Nf3 b6 7. cxd5 exd5 8. Bd3 {E51: Nimzo-Indian: Rubinstein: 4...0-0 5 Nf3 d5.} c5 {[%cal Bc7c5,Bc5c4][%mdl 32] [#]} 9. Ne2 $146 ({Predecessor:} 9. h3 Ba6 10. Bxa6 Nxa6 11. O-O Ne4 12. Rc1 Bxc3 13. Bxc3 c4 14. Be1 b5 15. Nd2 Re8 16. Nxe4 Rxe4 {½-½ (37) Dubov,D (2714)-Erigaisi,A (2634) Riga 2021}) 9... Bxd2+ 10. Qxd2 c4 11. Bc2 Nc6 12. Ne5 Bb7 13. f4 b5 14. O-O a5 (14... a6 $142) 15. Ng3 (15. Nc3 {deserves consideration.}) 15... Nb4 16. Bf5 $1 Ne4 17. Nxe4 dxe4 18. a4 Qd5 19. Qe2 (19. axb5 $5 {[%cal Ra1a5]} f6 20. Rxa5 Rxa5 21. Qxb4 fxe5 22. fxe5 $11 (22. Qxa5 Rxf5 23. dxe5 Bc6 $15)) 19... Bc8 $36 {[%mdl 2048] Black fights for an advantage.} 20. Bxc8 Rfxc8 21. axb5 Nd3 $1 22. Qg4 (22. Nc6 $15 Rc7 23. Nxa5 (23. Rxa5 Rxa5 24. Nxa5 Qxb5 $17) 23... Qxb5 24. Nb3) 22... Qxb5 $17 23. f5 f6 24. Ng6 hxg6 25. fxg6 Qg5 $1 (25... Nxb2 26. Qe6+ Kh8 27. Qh3+ Kg8 28. Rxf6 $3 {[%mdl 512]}) (25... Re8 $2 26. Qh3 Ra6 27. Rf5 $18 (27. Qh7+ Kf8 $11)) 26. Qe6+ Kh8 27. Rf5 $2 {[%mdl 8192]} (27. Qxe4 $17 Rf8 28. Rf3) 27... Qxe3+ $19 28. Kh1 {[#] White threatens Rh5+ and mate.} Qh6 {Prevents Rh5.} 29. g4 {Threatens to win with Rh5.} Re8 30. Qd6 (30. Qc6 $142 e3 31. Rh5 Qxh5 32. gxh5) 30... Rad8 31. Qc7 Rc8 32. Qd6 {And now Rh5 would win.} Rcd8 33. Qc7 Rc8 34. Qd6 {Hoping for Rh5.} Qxg6 (34... e3 $19 35. Rh5 Qxh5 36. gxh5 e2) 35. Rh5+ $11 Qxh5 36. gxh5 {[%cal Bg4h5,Bh5h6,Bh6g7][%mdl 32] aiming for h6!} Rcd8 (36... Nxb2 $2 37. h6 Rg8 38. hxg7+ Rxg7 39. Qxf6 $18) 37. Qc7 {[%cal Oh5h6] h6! is the strong threat.} (37. Qc6 $5 {[%cal Rh5h6]}) 37... Rc8 (37... Nxb2 38. h6 gxh6 39. Qf4 $18) (37... e3 $11 38. h6 gxh6) 38. Qd6 (38. Qd7 $16) 38... e3 (38... Nxb2 $2 39. h6 Rg8 40. hxg7+ Rxg7 41. Qxf6 $18) (38... Rcd8 $1 $11 39. Qc7 Nf2+ 40. Kg2 Ng4) 39. h6 $1 $14 {Black must now prevent Rg1.} e2 $2 {[%mdl 8192]} (39... Nxb2 {is a self mate.} 40. hxg7+ Kxg7 41. Qd7+) (39... Rg8 $16 40. Qe6 (40. hxg7+ Rxg7 41. h3 e2 $11) 40... Rb8) 40. hxg7+ $18 Kg8 41. Qd5+ Kh7 42. Rg1 Nf2+ 43. Kg2 {Threatening mate with Qf7.} Nd3 (43... e1=Q $18 44. Rxe1 Rxe1 45. Qf5+ (45. Kxf2 Ree8 $16) 45... Kxg7) 44. Kh1 Nf2+ $1 (44... e1=Q $2 {gets mated.} 45. g8=Q+ Rxg8 46. Qh5#) 45. Kg2 {The board is on fire.} Nd3 {[%mdl 32768] White used his chance.  Weighted Error Value: White=0.55/Black=0.57. An unexpected result.} 1/2-1/2

[Event "6th Vergani Cup January 2022"]
[Site "Cattolica"]
[Date "2022.01.04"]
[Round "3.9"]
[White "Bettalli, Francesco"]
[Black "Dvirnyy, Danyyil"]
[Result "0-1"]
[WhiteElo "2305"]
[BlackElo "2492"]
[Annotator "TA"]
[PlyCount "72"]
[EventDate "2022.01.02"]
[EventType "swiss"]
[EventCountry "ITA"]
[SourceTitle "playchess.com"]
[Source "ChessBase"]
[SourceQuality "1"]

{[%evp 19,72,23,25,25,25,14,31,25,35,6,25,31,36,0,28,0,34,-71,-49,-68,-82,-65,14,-114,-106,-114,-122,-129,-110,-140,-119,-147,-140,-193,-189,-273,-270,-272,-266,-260,-259,-254,-250,-264,-261,-275,-260,-278,-273,-280,-277,-659,-655,-621,-604]} 1. e4 c6 2. d4 d5 3. exd5 cxd5 4. Bd3 Nc6 5. c3 Nf6 6. Bf4 Bg4 7. Qb3 Qd7 8. Nd2 e6 9. Ngf3 Bd6 10. Bxd6 Qxd6 11. O-O {B13: Caro-Kann: Exchange Variation and Panov-Botvinnik Attack.} O-O 12. Rae1 Qc7 13. Qc2 {[#] White is slightly better.} Rfc8 $146 {[%cal Oc6b4]} ({Predecessor:} 13... Rac8 14. Qb1 Rb8 15. Ne5 Bh5 16. f4 b5 17. Nb3 Bg6 18. Bxg6 hxg6 19. Nc5 Qc8 {1-0 (50) Kamsky,G (2665)-Svane,R (2613) Tornelo INT 2021}) 14. Qb1 Rab8 15. Ne5 Bh5 16. Re3 b5 17. a3 a5 18. b4 {[#]} (18. Nxc6 $14 Qxc6 19. Nb3) 18... Nxe5 $1 $17 19. dxe5 Ng4 20. Rg3 Qxe5 (20... h6 $15) 21. Nb3 (21. Bxh7+ $11 Kh8 22. Rh3) 21... axb4 {White is now going downhill.} 22. cxb4 {[#]} Nf6 {Black is more active.} 23. Nc5 Qd6 24. Qb2 Bg6 25. Bxg6 hxg6 ({Don't play} 25... fxg6 $6 26. Re1 $15) 26. Qd4 (26. Rd1 $17) 26... Nd7 $19 27. Qh4 (27. Nxd7 $142 Qxd7 28. Rd3) 27... Nxc5 28. Rh3 {[%csl Gh3][%cal Rh4h8] [#]} f6 $1 29. bxc5 Qxc5 30. Qg4 Kf7 31. Re1 Rb6 ({Don't go for} 31... f5 $2 32. Qe2 Qd6 33. Re3 $19) 32. Rg3 Qc2 33. Rge3 {[%cal Re3e6]} Qc4 34. Qh3 {[%cal Re3e6]} d4 35. Rg3 {[#]} (35. Rd3) 35... Qe2 $3 {[%cal Re2e1][%mdl 512]} 36. Rf1 Rbc6 {Weighted Error Value: White=0.47/Black=0.11 (very precise)} 0-1

[Event "6th Vergani Cup January 2022"]
[Site "Cattolica"]
[Date "2022.01.04"]
[Round "3.10"]
[White "Sorensen, Hampus"]
[Black "Kozul, Zdenko"]
[Result "1/2-1/2"]
[WhiteElo "2379"]
[BlackElo "2625"]
[Annotator "TA"]
[PlyCount "117"]
[EventDate "2022.01.02"]
[EventType "swiss"]
[EventCountry "ITA"]
[SourceTitle "playchess.com"]
[Source "ChessBase"]
[SourceQuality "1"]

{[%evp 13,117,7,12,12,10,0,0,0,6,-11,0,0,0,0,0,-7,0,0,0,0,1,0,0,0,0,0,0,0,0,-3,0,-8,0,0,0,0,0,0,0,-4,0,0,0,0,0,0,0,0,0,0,121,129,262,257,256,129,121,123,124,95,122,132,162,126,194,177,189,176,181,181,175,174,194,154,194,194,371,364,2870,2870,2279,2199,1839,1429,3514,2870,4962,1484,1348,361,354,353,1327,1299,1299,283,271,278,267,272,242,0,140,0,186,0]} 1. e4 c5 2. c3 Nf6 3. e5 Nd5 4. d4 cxd4 5. Nf3 e6 6. cxd4 d6 7. Bc4 Be7 8. O-O {B22: Sicilian: 2 c3.} O-O 9. Bxd5 exd5 10. Nc3 {The position is equal.} Be6 11. Bf4 Nc6 12. exd6 Bxd6 13. Bxd6 Qxd6 14. h3 {[#]} h6 $146 ({Predecessor:} 14... Rfe8 15. Re1 Bf5 16. Qd2 Be4 17. Ng5 h6 18. Ngxe4 dxe4 19. Rxe4 Rxe4 20. Nxe4 Qxd4 21. Qxd4 Nxd4 {½-½ (38) Goryachkina,A (2582)-Leenhouts,K (2414) Chess.com INT 2020}) 15. Qd2 Rfc8 16. Rfe1 Na5 17. b3 Nc6 {[%cal Ba5c6,Bc6e7,Be7g6][%mdl 32]} 18. Rac1 Qb4 19. Red1 b6 20. Ne1 Ne7 21. Qb2 Ng6 22. Ne2 Qe7 23. Qd2 Rxc1 24. Rxc1 Re8 {[%cal Oe6h3]} 25. Ng3 Nh4 26. Kh1 Nf5 27. Nxf5 Bxf5 28. Nf3 Be4 29. Ne5 f6 30. Ng4 h5 31. Ne3 f5 {[#]} (31... Qe6 $11) 32. Nf1 $1 $16 {And now f3 would win.} Qa3 (32... f4 $16) 33. f3 $18 Bd3 34. Ng3 ({Only move:} 34. Ne3 $18) 34... h4 $16 35. Nh5 Qe7 {[#]} 36. Nxg7 $1 {[%mdl 512]} Qxg7 (36... Kxg7 37. Qxd3) 37. Qxd3 {[%mdl 4096] Endgame KQR-KQR} Qg5 38. Rd1 f4 (38... Re6 $16 39. Rg1 Kg7) 39. Rc1 Re7 40. Qc2 (40. Rc8+ Kg7 41. Rc1 Qg3 $16) 40... Kg7 41. Kg1 Qf6 42. Qd3 Kh6 43. Kh1 Re3 44. Qb5 Qxd4 (44... Qe7 45. Qc6+ (45. Qxd5 Re1+ 46. Rxe1 Qxe1+ 47. Kh2 Qg3+ 48. Kh1 Qe1+ 49. Kh2 Qg3+ 50. Kh1 Qe1+ $11) 45... Re6) 45. Qc6+ $18 ({Not} 45. Qd7 Rc3 46. Qe6+ Kh7 47. Qf5+ Kh6 $16) 45... Kg5 $2 (45... Kh5 46. Qd7 Rc3 47. Rxc3 Qxc3 48. Qxd5+ Kg6 49. Qe4+ Kg5 50. Qe7+ Kg6 51. Qxh4 (51. Qxa7 Qe1+ 52. Kh2 Qg3+ 53. Kh1 Qe1+ 54. Kh2 Qg3+ 55. Kh1 Qe1+ $11) 51... Qd2 52. Qg4+ Kh7 53. Qf5+ Kg7) 46. Qc8 {White wants to mate with Qg4+.} Qe5 47. Qg4+ Kf6 48. Qxh4+ Ke6 49. Qh6+ Kd7 50. Qc6+ Ke7 51. Kh2 $2 (51. Qb7+ Ke6 52. Rc6+ Qd6 53. Rxd6+ Kxd6 54. Qxa7) 51... Qg5 52. Qc7+ Ke6 $2 (52... Kf8 53. Kg1 (53. Qxa7 Qg3+ 54. Kh1 Re1+ 55. Rxe1 Qxe1+ 56. Kh2 Qg3+ 57. Kh1 Qe1+ 58. Kh2 Qg3+ 59. Kh1 Qe1+ $11) 53... Re7 54. Qd8+ Kf7) 53. Rc6+ Kf5 54. Qd7+ $2 (54. Qh7+ Ke5 55. Rg6 Qxg6 56. Qxg6) 54... Ke5 55. Qd6+ Kd4 56. Qb4+ Ke5 {Hoping for ...Qg3+.} 57. Qd6+ ({White must play} 57. Kh1 $18) 57... Kd4 $16 {[#] ( -> ...Qg3+)} 58. Qb4+ (58. Rc4+ $1 $16 Kd3 59. Rxf4 (59. Qxf4 Qxf4+ 60. Rxf4 d4 $11)) 58... Ke5 $18 {aiming for ...Qg3+.} 59. Qd6+ $2 {Weighted Error Value: White=0.42/Black=0.20 (precise)} (59. Kh1 $18) 1/2-1/2

[Event "6th Vergani Cup January 2022"]
[Site "Cattolica"]
[Date "2022.01.05"]
[Round "4.2"]
[White "Kotronias, Vasilios"]
[Black "Tabatabaei, M. Amin"]
[Result "1/2-1/2"]
[WhiteElo "2492"]
[BlackElo "2643"]
[Annotator "TA"]
[PlyCount "85"]
[EventDate "2022.01.02"]
[EventType "swiss"]
[EventCountry "ITA"]
[SourceTitle "playchess.com"]
[Source "ChessBase"]
[SourceQuality "1"]

{[%evp 13,85,36,42,0,26,19,19,27,24,17,45,39,35,38,35,11,0,0,4,0,27,0,0,4,22,0,21,0,0,0,0,-39,0,-15,0,-23,32,17,17,18,24,-16,-9,-12,-14,-44,-12,-12,-12,-15,-8,-8,17,25,48,46,46,52,58,57,24,24,24,24,27,24,59,37,56,0,0,-36,-22,-38]} 1. e4 c6 2. d4 d5 3. exd5 cxd5 4. Bd3 Nf6 5. c3 Nc6 6. Bf4 g6 7. Nf3 Bf5 8. Bb5 {[#] B13: Caro-Kann: Exchange Variation and Panov-Botvinnik Attack.} (8. Bxf5 $14 gxf5 9. O-O) 8... Nd7 $146 ({Predecessor:} 8... Qb6 9. Qa4 a6 10. Bxc6+ bxc6 11. Ne5 Rc8 12. Qb3 Qa7 13. Qa4 Bg7 14. Nd2 O-O 15. Nb3 Ne4 {0-1 (48) Shkapenko,P (2424)-Gunina,V (2421) Chess.com INT 2021}) 9. O-O Bg7 10. Re1 O-O 11. Nbd2 Rc8 12. h3 Qb6 13. Bxc6 Rxc6 14. Qb3 ({But not} 14. Rxe7 Qxb2 15. Re3 Rxc3 16. Rxc3 Qxc3 $15) 14... e6 15. Re3 Qa6 16. Qd1 h5 {To avoid g4} 17. a4 Qb6 18. Ra2 Rfc8 19. Re1 a5 20. Ne5 Nxe5 21. Bxe5 f6 22. Bg3 Re8 23. Nb3 Qa6 24. Nc5 (24. Bh4 $5 {[%cal Rg2g4]}) 24... Qc4 (24... Qa8 $11) 25. Qa1 $1 $14 {[#] Strongly threatening b3.} Rxc5 26. dxc5 e5 27. h4 {[%cal Ob2b4]} Qxc5 28. b4 axb4 29. cxb4 Qxb4 30. Rb2 Qe7 31. Qa2 Rd8 32. Rb5 Kh7 33. Qb3 Bc8 {[#]} 34. Bf4 $1 d4 {[%cal Bd5d4,Bd4d3][%mdl 32]} 35. Bd2 Bh6 36. Bxh6 Kxh6 37. Qb2 d3 $1 38. Qd2+ {[%mdl 1024] White has compensation.} Kg7 39. Reb1 Rd4 40. a5 Rd8 41. Rc1 (41. R1b2 $14) 41... Bf5 42. Rbc5 Rd7 {Inhibits Rc7.} 43. Rc8 {Weighted Error Value: White=0.10 (very precise) /Black=0.11 (very precise)} 1/2-1/2

[Event "6th Vergani Cup January 2022"]
[Site "Cattolica"]
[Date "2022.01.05"]
[Round "4.3"]
[White "Bernadskiy, Vitaliy"]
[Black "Ioannidis, Evgenios"]
[Result "1-0"]
[WhiteElo "2599"]
[BlackElo "2454"]
[Annotator "TA"]
[PlyCount "119"]
[EventDate "2022.01.02"]
[EventType "swiss"]
[EventCountry "ITA"]
[SourceTitle "playchess.com"]
[Source "ChessBase"]
[SourceQuality "1"]

{[%evp 15,119,-3,4,15,16,0,0,0,0,2,35,17,45,25,56,43,71,30,60,60,57,53,62,62,67,59,139,139,142,143,153,125,126,123,132,134,203,193,202,206,209,208,202,197,181,187,309,315,315,315,315,315,307,287,415,378,409,410,402,402,499,476,434,426,514,506,499,482,480,456,29962,29959,29955,29958,29958,262,29958,29961,29946,6130,460,391,875,807,1502,1136,29947,29953,29954,29941,29945,766,7635,12608,12553,4033,29958,29961,29960,29963,29955,29961,29950,4631,29977,29978]} 1. e4 c5 2. Nc3 d6 3. d4 cxd4 4. Qxd4 Nc6 5. Qe3 g6 6. Bc4 Bg7 7. Nf3 Nf6 8. O-O {8.h3 is the modern continuation.} O-O 9. h3 {B27: Sicilian: 2 Nf3, unusual Black 2nd moves.} Be6 10. Bb3 Nd7 {[#]} 11. Nd5 $146 {The position is equal.} ({Predecessor:} 11. Rd1 Nc5 12. Qe2 Qc8 13. Nd5 h6 14. c3 f5 15. Nd4 Bxd4 16. cxd4 Nxb3 17. axb3 {1-0 (50) Demchenko,A (2632)-Savchenko,B (2551) Khanty-Mansiysk 2020}) 11... Nc5 12. c3 Nxb3 13. axb3 h6 14. b4 a6 15. Re1 Kh7 16. Qe2 {White is more active.} (16. Bd2 $16) 16... Ne5 17. Nxe5 Bxe5 18. Be3 Bxd5 19. exd5 Qd7 20. Rad1 Qb5 {Black is on the road to losing.} (20... Rfe8 $14) 21. Bd4 $16 Qxd5 22. Bxe5 Qxe5 23. Qxe5 dxe5 24. Rxe5 {[%mdl 4096] Endgame KRR-KRR} e6 25. Rd7 {[%csl LRb7,LRe6]} b5 (25... Rad8 $16 {was necessary.} 26. Rxb7 Rd1+ 27. Kh2 Kg8) 26. Rxe6 $1 $18 Kg8 27. Rb6 Rfe8 28. g4 Re1+ 29. Kg2 Kg7 30. h4 Rae8 (30... Re4 {was called for.}) 31. Rxa6 R8e4 32. Kf3 {Strongly threatening Raa7.} g5 33. hxg5 hxg5 {[#]} 34. Rd4 $1 R4e2 (34... Rxd4 $142 35. cxd4 Rd1) 35. Rd5 {[%csl LRb5,LRg5]} Rxb2 36. Rxg5+ Kf8 37. Rf5 Rc1 38. Ra7 Rxc3+ 39. Kg2 Rxb4 40. Rfxf7+ Kg8 41. f3 Rb2+ 42. Kg3 {[#] Rg7+ would kill now.} Rb1 (42... Rbb3 $18 43. g5 Rb4 44. Rg7+ Kh8) 43. Rg7+ Kh8 44. Rh7+ Kg8 45. Rag7+ Kf8 46. Rb7 {[%cal Rh7h8]} Kg8 47. Rhd7 {[%cal Rd7d8]} Rc8 48. Rd5 b4 (48... Rg1+ 49. Kf2 Ra1 50. Rdxb5 Rc2+ 51. Kg3 Rf1) 49. Rdb5 {aiming for f4.} Rc4 50. Kh4 Rf4 51. Rg5+ Kf8 52. Rc5 {[%cal Rc5c8]} Rf7 53. Rc8+ (53. Rxf7+ $142 Kxf7 54. f4 Ke7 55. Kg5 Kd6 56. Rc8 Rb3 57. f5 Rc3 58. Rb8) 53... Kg7 54. Rxf7+ Kxf7 {KR-KR} 55. Kg5 (55. f4 $142 Ke7 56. f5) 55... b3 56. Rb8 b2 57. f4 {[%cal Bf3f4,Bf4f5,Bf5f6][%mdl 32]} Ke6 58. f5+ Ke7 59. Rb7+ (59. Kg6 $142 Rg1 60. f6+ Ke6 61. Rb6+ Kd7 62. Rxb2 Rxg4+ 63. Kf7 Rg1 64. Rd2+ Kc7 65. Rd5) 59... Ke8 60. f6 {Weighted Error Value: White=0.06 (flawless) /Black=0.74} 1-0

[Event "6th Vergani Cup January 2022"]
[Site "Cattolica"]
[Date "2022.01.05"]
[Round "4.4"]
[White "Pantzar, Milton"]
[Black "Lalith Babu M R"]
[Result "1/2-1/2"]
[WhiteElo "2420"]
[BlackElo "2553"]
[Annotator "TA"]
[PlyCount "87"]
[EventDate "2022.01.02"]
[EventType "swiss"]
[EventCountry "ITA"]
[SourceTitle "playchess.com"]
[Source "ChessBase"]
[SourceQuality "1"]

{[%evp 19,87,0,0,0,43,25,25,16,21,0,0,0,16,12,22,22,22,-14,-14,-11,12,0,0,-30,0,-18,22,20,19,20,19,17,131,135,131,132,127,134,124,131,150,144,128,107,83,97,73,59,52,52,52,52,69,68,68,68,68,68,68,68,68,68,72,64,71,71,80,71,78,79]} 1. d4 Nf6 2. Nf3 e6 3. g3 d5 4. Bg2 Be7 5. O-O O-O 6. c4 dxc4 7. Ne5 Nc6 8. Nxc6 bxc6 9. Na3 Bxa3 10. bxa3 Ba6 11. a4 {[#] E05: Open Catalan: 5 Nf3 Be7.} Qd7 $146 (11... Qd6 $11) ({Predecessor:} 11... Qd6 12. Qd2 Rab8 13. Qa5 Rb6 14. e4 Qb4 15. Qxb4 Rxb4 16. Ba3 Rxa4 17. Bxf8 Kxf8 18. Rfc1 Ra3 {0-1 (42) Lenderman,A (2637)-Safarli,E (2681) Chess.com INT 2019}) 12. Ba3 Rfd8 13. Bc5 {White has an edge.} e5 14. e3 exd4 15. Bxd4 {A strong pair of Bishops.} Nd5 (15... Qe6 $5 {[%cal Rc6c5]}) 16. Qh5 {[%mdl 1024] White has compensation.} Qe6 17. Rfd1 Qg6 18. Qh4 Re8 19. a3 Rab8 20. e4 Nb6 {[%cal Bd5b6,Bb6a4,Ba4b2][%mdl 32]} 21. Rac1 h6 22. Qf4 Rb7 23. a5 Na4 24. e5 {Threatens to win with Be4.} Nb2 25. Be4 $36 {[%mdl 2048] Black is under pressure.} Qe6 (25... Qg5 $1 $11 26. Bxb2 (26. Bxc6 Qxf4 27. gxf4 Nxd1 $11) 26... Rxb2) 26. Bf5 $16 Qe7 27. Bxb2 Rxb2 {[#]} 28. Rd7 $1 Qg5 29. Rxc7 Rb5 30. Rxa7 Rxa5 31. Be4 {[%csl LRc6,LRf7]} Qxf4 32. gxf4 g5 33. Bxc6 {White is much more active.} Re6 34. Bd7 Rb6 {[#]} 35. Bc8 $1 {[%cal Oe5e6] Black must now prevent e6!} Rxa3 (35... gxf4 36. Rc3) 36. f5 {e6 is the strong threat.} Bxc8 37. Rxa3 Bxf5 38. Rxc4 $14 {[%mdl 4096] Endgame KRR-KRB} Rb1+ 39. Kg2 Be6 40. Rd4 Kg7 41. h4 Kg6 42. Re3 {White is better.} Kf5 43. hxg5 hxg5 44. Kg3 {Weighted Error Value: White=0.06 (flawless) /Black=0.10 (very precise)} 1/2-1/2